Every UEFA Champions League Goalscorer 2022/23 - Statistics

General Stats
  • This quiz has been taken 988 times
    573 since last reset
  • The average score is 76 of 185
Answer Stats
Team Goals Nationality Player % Correct
BARCELONA 5 Polish Robert Lewandowski
90%
MANCHESTER CITY 12 Norwegian Erling Braut Haaland
88%
MANCHESTER CITY 2 Argentinian Julián Álvarez
88%
AJAX 1 Mexican Edson Álvarez
84%
MANCHESTER CITY 2 Algerian Riyad Mahrez
84%
ATLÉTICO DE MADRID 1 French Antoine Griezmann
82%
MANCHESTER CITY 1 Portuguese Bernardo Silva
82%
MANCHESTER CITY 1 Spanish Rodri Hernández
82%
MANCHESTER CITY 2 Belgian Kevin De Bruyne
81%
BAYERN MÜNCHEN 3 Senegalese Sadio Mané
81%
RB LEIPZIG 3 Portuguese André Silva
79%
BENFICA 5 Portuguese Rafa Silva
79%
MANCHESTER CITY 1 Portuguese Rúben Dias
79%
BENFICA 2 Portuguese António Silva
78%
MANCHESTER CITY 1 German İlkay Gündoğan
78%
LIVERPOOL 1 Colombian Luis Díaz
78%
REAL MADRID 7 Brazilian Vinícius Júnior
77%
PARIS SAINT-GERMAIN 7 French Kylian Mbappé
76%
MILAN 5 French Olivier Giroud
76%
BAYERN MÜNCHEN 4 German Leroy Sané
75%
LIVERPOOL 8 Egyptian Mohamed Salah
75%
MANCHESTER CITY 1 English Phil Foden
75%
BORUSSIA DORTMUND 4 English Jude Bellingham
74%
PARIS SAINT-GERMAIN 4 Argentianian Lionel Messi
74%
REAL MADRID 2 Croatian Luka Modrić
74%
BAYERN MÜNCHEN 1 German Thomas Müller
74%
LIVERPOOL 4 Uruguayan Darwin Núñez
73%
REAL MADRID 4 French Karim Benzema
73%
NAPOLI 5 Nigerian Victor Osimhen
73%
INTER 4 Bosnian Edin Džeko
72%
INTER 2 Argentinian Lautaro Martínez
72%
REAL MADRID 4 Brazilian Rodrygo Goes
72%
REAL MADRID 2 Uruguayan Fede Valverde
71%
BARCELONA 1 Ivorian Frank Kessié
70%
CHELSEA 2 German Kai Havertz
70%
PARIS SAINT-GERMAIN 2 Brazilian Neymar Júnior
70%
MILAN 1 Portuguese Rafael Leão
70%
CHELSEA 2 Gabonese Pierre-Emerick Aubameyang
69%
AJAX 3 Ghanaian Mohammed Kudus
68%
TOTTENHAM HOTSPUR 2 Korean Son Heung-Min
67%
NAPOLI 2 Georgian Khvicha Kvaratskhelia
66%
BAYERN MÜNCHEN 1 French Kingsley Coman
66%
BAYERN MÜNCHEN 4 Cameroonian Eric-Maxim Choupo-Moting
65%
TOTTENHAM HOTSPUR 1 English Harry Kane
65%
MANCHESTER CITY 1 English John Stones
65%
BAYERN MÜNCHEN 2 German Serge Gnabry
65%
BAYERN MÜNCHEN 1 German Joshua Kimmich
64%
CHELSEA 1 Croatian Mateo Kovačić
64%
BARCELONA 1 French Ousmane Dembélé
64%
BARCELONA 1 Spanish Pablo Torre
64%
INTER 2 Belgian Romelu Lukaku
64%
ATLÉTICO DE MADRID 1 Belgian Yannick Carrasco
64%
LIVERPOOL 2 Brazilian Roberto Firmino
63%
REAL MADRID 1 Belgian Eden Hazard
62%
BARCELONA 3 Spanish Ferran Torres
62%
BORUSSIA DORTMUND 1 Belgian Thorgan Hazard
62%
MILAN 1 Spanish Brahim Díaz
61%
OLYMPIQUE MARSEILLE 2 Chilean Alexis Sánchez
60%
REAL MADRID 1 German Antonio Rüdiger
60%
CHELSEA 1 Italian Jorginho
60%
ATLÉTICO DE MADRID 1 Argentinian Rodrigo De Paul
58%
JUVENTUS 2 American Weston McKennie
58%
JUVENTUS 1 Serbian Dušan Vlahović
57%
BAYERN MÜNCHEN 2 German Leon Goretzka
57%
CHELSEA 3 English Raheem Sterling
57%
TOTTENHAM HOTSPUR 2 Brazilian Richarlison
57%
PORTO 5 Iranian Mehdi Taremi
56%
INTER 3 Italian Nicolò Barella
56%
REAL MADRID 1 Brazilian Eder Militão
54%
INTER 1 Turkish Hakan Çalhanoğlu
53%
BORUSSIA DORTMUND 1 German Marco Reus
53%
BORUSSIA DORTMUND 2 Portuguese Raphaël Guerreiro
53%
LIVERPOOL 1 English Trent Alexander-Arnold
53%
NAPOLI 1 Mexican Hirving Lozano
52%
NAPOLI 4 Polish Piotr Zieliński
52%
BENFICA 3 Portuguese Gonçalo Ramos
51%
BAYERN MÜNCHEN 1 French Lucas Hernández
51%
JUVENTUS 2 Polish Arkadiusz Milik
50%
LIVERPOOL 1 Cameroonian Joel Matip
50%
BAYERN MÜNCHEN 2 French Benjamin Pavard
49%
REAL MADRID 3 Spanish Marco Asensio
49%
RB LEIPZIG 3 French Christopher Nkunku
48%
INTER 1 Dutch Denzel Dumfries
47%
INTER 2 Armenian Henrikh Mkhitaryan
47%
TOTTENHAM HOTSPUR 1 Uruguayan Rodrigo Bentancur
46%
NAPOLI 1 Cameroonian André-Frank Zambo-Anguissa
45%
MILAN 1 Algerian Ismaël Bennacer
44%
PARIS SAINT-GERMAIN 1 Portuguese Nuno Mendes
44%
EINTRACHT FRANKFURT 3 Japanese Daichi Kamada
42%
RB LEIPZIG 1 Hungarian Dominik Szoboszlai
41%
CELTIC 2 Portuguese Jota
41%
TOTTENHAM HOTSPUR 1 Danish Pierre-Emile Højbjerg
41%
SEVILLA 2 Moroccan Youssef En-Nesyri
41%
JUVENTUS 2 French Adrien Rabiot
40%
CHELSEA 1 English Reece James
40%
RB LEIPZIG 2 German Timo Werner
40%
CHELSEA 1 Swiss Denis Zakaria
38%
RB LEIPZIG 1 Swedish Emil Forsberg
38%
RB LEIPZIG 1 Spanish Dani Olmo
37%
BORUSSIA DORTMUND 1 German Julian Brandt
37%
BAYER LEVERKUSEN 1 French Moussa Diaby
37%
BORUSSIA DORTMUND 2 German Karim Adeyemi
36%
EINTRACHT FRANKFURT 2 French Randal Kolo Muani
36%
INTER 1 German Robin Gosens
36%
NAPOLI 2 Italian Giovanni Di Lorenzo
35%
PARIS SAINT-GERMAIN 1 Spanish Carlos Soler
34%
NAPOLI 4 Argentinian Giovanni Simeone
34%
BENFICA 6 Portuguese João Mário
34%
LIVERPOOL 2 English Harvey Elliott
33%
NAPOLI 1 Italian Matteo Politano
33%
SHAKHTAR DONETSK 3 Ukrainian Mykhailo Mudryk
32%
MILAN 1 Bosnian Rade Krunić
31%
MANCHESTER CITY 1 English Rico Lewis
31%
RB LEIPZIG 1 Croatian Joško Gvardiol
30%
MILAN 2 Belgian Alexis Saelemaekers
29%
AJAX 2 Dutch Steven Bergwijn
29%
NAPOLI 4 Italian Giacomo Raspadori
26%
AJAX 2 Dutch Steven Berghuis
26%
BENFICA 2 Spanish Alejandro Grimaldo
24%
BENFICA 3 Brazilian David Neres
24%
CHELSEA 1 French Wesley Fofana
24%
MILAN 1 Brazilian Junior Messias
23%
DINAMO ZAGREB 2 Croatian Mislav Oršić
23%
AJAX 1 Dutch Davy Klaassen
22%
TOTTENHAM HOTSPUR 1 French Clement Lenglet
21%
JUVENTUS 1 Italian Leo Bonucci
21%
NAPOLI 1 French Tanguy Ndombèlé
21%
CLUB BRUGGE 2 Spanish Ferran Jutglà
20%
NAPOLI 1 Norwegian Leo Østigård
20%
JUVENTUS 1 Italian Moise Kean
20%
SALZBURG 3 Swiss Noah Okafor
20%
OLYMPIQUE MARSEILLE 1 Moroccan Amine Harit
19%
SPORTING CP 2 English Marcus Edwards
19%
ATLÉTICO DE MADRID 1 Spanish Mario Hermoso
19%
OLYMPIQUE MARSEILLE 2 Congolese Chancel Mbemba
18%
RB LEIPZIG 1 French Mohamed Simakan
17%
EINTRACHT FRANKFURT 1 Danish Jesper Lindstrom
16%
DINAMO ZAGREB 1 Croatian Bruno Petković
15%
RANGERS 1 English James Tavernier
15%
PORTO 2 Canadian Stephen Eustáquio
15%
AJAX 1 Portuguese Francisco Conceição
14%
PORTO 1 Colombian Mateus Uribe
14%
PORTO 2 Brazilian Wenderson Galeno
14%
SEVILLA 1 Argentinian Gonzalo Montiel
13%
BARCELONA 1 Spanish Marcos Alonso
13%
BAYER LEVERKUSEN 1 German Robert Andrich
13%
PORTO 1 Nigerian Zaidu Sanusi
13%
BENFICA 1 Norwegian Fredrik Aursnes
12%
SHAKHTAR DONETSK 1 Burkinabe Lassina Traoré
12%
OLYMPIQUE MARSEILLE 1 Argentinian Leonardo Balerdi
12%
SEVILLA 1 Spanish Rafa Mir
12%
PORTO 1 Brazilian Evanilson
11%
SEVILLA 1 Spanish Isco Alarcón
11%
SPORTING CP 2 Portuguese Arthur Gomes
10%
OLYMPIQUE MARSEILLE 2 French Mattéo Guendouzi
9%
BENFICA 2 Croatian Petar Musa
9%
MILAN 1 Italian Tommaso Pobega
9%
CELTIC 1 Greek Giannis Giakoumakis
8%
MILAN 1 Italian Matteo Gabbia
8%
SPORTING CP 2 Portuguese Francisco Trincão
7%
CLUB BRUGGE 1 Danish Andreas Skov Olsen
6%
CLUB BRUGGE 1 Norwegian Antonio Nusa
6%
SPORTING CP 1 Brazilian Paulinho
5%
RANGERS 1 Canadian Scott Arfield
5%
BENFICA 1 Portuguese Henrique Araújo
4%
INTER 1 Argentinian Joaquín Correa
4%
SALZBURG 1 Austrian Nicolas Seiwald
4%
MACCABI HAIFA 2 Surinamese Tjaronn Chery
4%
CLUB BRUGGE 1 Dutch Bjorn Meijer
3%
CLUB BRUGGE 2 Ghanaian Kamal Sowah
3%
SPORTING CP 1 Portuguese Nuno Santos
3%
DINAMO ZAGREB 1 Austrian Robert Ljubičić
3%
SEVILLA 1 French Tanguy Nianzou
3%
VIKTORIA PLZEŇ 2 Czech Tomáš Chorý
3%
MACCABI HAIFA 2 Senegalese Abdoulaye Seck
2%
SHAKHTAR DONETSK 2 Ukrainian Oleksandr Zubkov
2%
CLUB BRUGGE 1 Ivorian Abakar Sylla
1%
SALZBURG 1 Austrian Chukwubuike Adamu
1%
EINTRACHT FRANKFURT 1 German Faride Alidou
1%
KØBENHAVN 1 Icelandic Hákon Arnar Haraldsson
1%
VIKTORIA PLZEŇ 1 Czech Jan Sýkora
1%
SHAKHTAR DONETSK 2 Ukrainian Marian Shved
1%
MACCABI HAIFA 2 Israeli Omer Atzili
1%
VIKTORIA PLZEŇ 1 Czech Adam Vlkanova
0%
VIKTORIA PLZEŇ 1 Czech Jan Kliment
0%
No matching quizzes found
Score Distribution
Percent of People with Each Score
Percentile by Number Answered
Your Score History
You have not taken this quiz since the last reset